[Event "2007 U.S. Masters Championship"]
[Site "Hendersonville, NC"]
[Date "2007.03.15"]
[Round "2.3"]
[White "Nagle, Sean M"]
[Black "Potter, John Russell"]
[Result "1-0"]
[WhiteElo "2432"]
[BlackElo "2233"]
[PlyCount "109"]
[EventDate "2007.03.10"]
[EventType "swiss"]
[EventRounds "9"]
[EventCountry "USA"]
[Source "Kevin Hyde"]
[SourceDate "2007.03.18"]

1. Nf3 d5 2. d4 Nf6 3. c4 e6 4. g3 dxc4 5. Bg2 Bd7 6. Ne5 Bc6 7. Nxc6 Nxc6 8.
O-O Be7 9. Qa4 O-O 10. e3 e5 11. Rd1 exd4 12. Qxc4 Ne5 13. Qxd4 Bc5 14. Qxd8
Raxd8 15. Rxd8 Rxd8 16. Nc3 Bb4 17. Kf1 Nd3 18. Ke2 Bxc3 19. bxc3 Nxc1+ 20.
Rxc1 b6 21. c4 c5 22. a4 Kf8 23. Ra1 Rb8 24. Bc6 Ke7 25. a5 Kd6 26. Bb5 Kc7 27.
axb6+ axb6 28. Kf3 Kb7 29. Rd1 Ra8 30. g4 h6 31. h4 Rc8 32. g5 hxg5 33. hxg5
Nh7 34. Kg4 Nf8 35. f4 Ra8 36. Rd5 Rc8 37. Rf5 Rc7 38. Be8 Re7 39. Bxf7 Ne6 40.
Bxe6 Rxe6 41. Rf7+ Kc6 42. Kf3 b5 43. f5 Re8 44. cxb5+ Kxb5 45. Rxg7 c4 46. Rc7
Kb4 47. f6 c3 48. f7 Rf8 49. g6 Kb3 50. e4 c2 51. e5 Kb2 52. e6 Ra8 53. Rxc2+
Kxc2 54. g7 Ra3+ 55. Kg2 1-0

[Event "2007 U.S. Masters Championship"]
[Site "Hendersonville, NC"]
[Date "2007.03.15"]
[Round "2.3"]
[White "Jones, Craig W"]
[Black "Simpson, Ronald"]
[Result "0-1"]
[WhiteElo "2263"]
[BlackElo "2316"]
[PlyCount "78"]
[EventDate "2007.03.10"]
[EventType "swiss"]
[EventRounds "9"]
[EventCountry "USA"]
[Source "Kevin Hyde"]
[SourceDate "2007.03.18"]

1. Nf3 Nf6 2. g3 g6 3. Bg2 Bg7 4. O-O O-O 5. d3 d5 6. Nc3 d4 7. Na4 Na6 8. c4
c6 9. Rb1 b5 10. Nxd4 Qxd4 11. cxb5 Nb4 12. a3 Nbd5 13. bxc6 Qg4 14. e4 Nc7 15.
d4 Ba6 16. f3 Qh5 17. Re1 Bb5 18. d5 Rfd8 19. Qc2 e6 20. Bf4 Nfe8 21. g4 Qh4
22. Bg3 Qe7 23. b4 Bxa4 24. Qxa4 exd5 25. exd5 Qg5 26. f4 Qxg4 27. Qd1 Qf5 28.
b5 Bf8 29. Re5 Qf6 30. a4 Bd6 31. a5 Rab8 32. Qd4 Bxe5 33. fxe5 Qf5 34. Re1
Nxb5 35. Qc5 Qg5 36. e6 Nec7 37. exf7+ Kg7 38. Bf4 Ne6 39. Bxg5 Nxc5 0-1

[Event "2007 U.S. Masters Championship"]
[Site "Hendersonville, NC"]
[Date "2007.03.15"]
[Round "2.3"]
[White "Zorigt, Bayaraa"]
[Black "Pohl, Klaus A"]
[Result "1-0"]
[WhiteElo "2196"]
[BlackElo "2215"]
[PlyCount "29"]
[EventDate "2007.03.10"]
[EventType "swiss"]
[EventRounds "9"]
[EventCountry "USA"]
[Source "Kevin Hyde"]
[SourceDate "2007.03.18"]

1. e4 e6 2. d4 d5 3. Nd2 Nc6 4. c3 e5 5. dxe5 Nxe5 6. Ngf3 Ng6 7. exd5 Qxd5 8.
Bc4 Qf5 9. O-O Nf6 10. Qb3 Bd6 11. Bxf7+ Kf8 12. Nc4 Ne5 13. Ncxe5 Qe4 14. Ng5
Qh4 15. Bg6 1-0

[Event "2007 U.S. Masters Championship"]
[Site "Hendersonville, NC"]
[Date "2007.03.15"]
[Round "2.3"]
[White "Andrews, Todd D"]
[Black "Balasubramanian, Adithya"]
[Result "0-1"]
[WhiteElo "2366"]
[BlackElo "2140"]
[PlyCount "96"]
[EventDate "2007.03.10"]
[EventType "swiss"]
[EventRounds "9"]
[EventCountry "USA"]
[Source "Kevin Hyde"]
[SourceDate "2007.03.18"]

1. e4 c5 2. Nc3 Nc6 3. f4 e6 4. g3 d5 5. d3 dxe4 6. dxe4 Qxd1+ 7. Nxd1 Nf6 8.
Bg2 h5 9. h3 Bd7 10. Ne3 Ne7 11. Nc4 Nc6 12. Ne2 O-O-O 13. a3 b5 14. Ne3 Nd4
15. e5 Ng8 16. b3 Ne7 17. Kf2 Bc6 18. Bxc6 Nexc6 19. Nc3 h4 20. g4 g5 21. fxg5
Nxe5 22. Ne4 Be7 23. Bb2 Rhg8 24. b4 Bxg5 25. Nxg5 Rxg5 26. Rhd1 Nec6 27. c3
Nb3 28. Rxd8+ Kxd8 29. Rd1+ Ke7 30. Kf3 c4 31. Bc1 Ne5+ 32. Ke2 Nd3 33. Nf5+
Rxf5 34. gxf5 Nbxc1+ 35. Ke3 exf5 36. Rg1 f4+ 37. Kf3 Na2 38. Rg8 Nxc3 39. Ra8
Nd5 40. Rxa7+ Ke6 41. Ra6+ Ke5 42. Rc6 c3 43. Ke2 Kd4 44. Rc8 c2 45. Rxc2 f3+
46. Kxf3 Ne1+ 47. Kg4 Nxc2 48. Kxh4 Nf4 0-1

[Event "2007 U.S. Masters Championship"]
[Site "Hendersonville, NC"]
[Date "2007.03.15"]
[Round "2.3"]
[White "Kidd, Jeffrey A"]
[Black "Panjwani, Raja D"]
[Result "0-1"]
[WhiteElo "2151"]
[BlackElo "2213"]
[PlyCount "82"]
[EventDate "2007.03.10"]
[EventType "swiss"]
[EventRounds "9"]
[EventCountry "USA"]
[Source "Kevin Hyde"]
[SourceDate "2007.03.18"]

1. e4 e5 2. Nf3 Nc6 3. Bb5 Nf6 4. O-O Nxe4 5. Re1 Nd6 6. Nxe5 Be7 7. Nc3 Nxb5
8. Nxb5 Nxe5 9. Rxe5 O-O 10. d4 d6 11. Re1 c6 12. Nc3 Bf5 13. Ne2 Re8 14. b3
Bf6 15. c3 Qd7 16. Ng3 Rxe1+ 17. Qxe1 Re8 18. Be3 Bg5 19. Nf1 Bd3 20. Qd2 Bxf1
21. Rxf1 Bxe3 22. fxe3 d5 23. Rf4 Qe6 24. Kf2 f5 25. Qd3 g6 26. Ke2 a5 27. h3
Qd6 28. Kf2 Kg7 29. g3 Re4 30. Rxe4 fxe4 31. Qe2 h5 32. Kg2 b5 33. h4 Qf8 34.
Qd1 b4 35. c4 dxc4 36. Qc2 Qf3+ 37. Kh2 c3 38. a3 Qxe3 39. Kh3 Qf3 40. Kh2 Qd3
41. Qc1 Qd2+ 0-1

[Event "2007 U.S. Masters Championship"]
[Site "Hendersonville, NC"]
[Date "2007.03.15"]
[Round "2.3"]
[White "Haessel, Dale R"]
[Black "Orizondo, Hugo"]
[Result "1-0"]
[WhiteElo "2162"]
[BlackElo "2153"]
[PlyCount "107"]
[EventDate "2007.03.10"]
[EventType "swiss"]
[EventRounds "9"]
[EventCountry "USA"]
[Source "Kevin Hyde"]
[SourceDate "2007.03.18"]

1. d4 d5 2. Nf3 Nf6 3. c4 e6 4. g3 Bb4+ 5. Bd2 Be7 6. Bg2 O-O 7. Qc2 Nbd7 8.
O-O c6 9. b3 b6 10. Nc3 Ba6 11. cxd5 cxd5 12. a4 Rc8 13. Qb2 Rc6 14. Nb5 Qa8
15. Rfc1 Rfc8 16. Rxc6 Rxc6 17. Rc1 Bxb5 18. axb5 Rc8 19. Qa1 Rxc1+ 20. Qxc1
Bd6 21. Bf4 Bxf4 22. gxf4 Nh5 23. Ne5 Nxe5 24. fxe5 Qb7 25. e4 dxe4 26. Qc2 f5
27. exf6 Nxf6 28. Qc6 Qe7 29. Kf1 Kf7 30. Bxe4 g6 31. Bf3 Kg7 32. d5 exd5 33.
Bxd5 Qe5 34. Bf3 Kh6 35. h3 Qf4 36. Kg2 Qe5 37. Qc4 Nh5 38. Qf7 Ng7 39. Qxa7
Qg5+ 40. Bg4 Qxb5 41. Qf7 Qe5 42. Qb7 Qd4 43. Qf7 Qe4+ 44. Bf3 Qf5 45. Qc4 Qg5+
46. Bg4 Qe5 47. Kf3 Ne8 48. Qf4+ Qxf4+ 49. Kxf4 Nf6 50. Be6 Nh5+ 51. Ke5 Kg5
52. b4 Nf4 53. h4+ Kxh4 54. Kxf4 1-0

[Event "2007 U.S. Masters Championship"]
[Site "Hendersonville, NC"]
[Date "2007.03.15"]
[Round "3.3"]
[White "Simpson, Ronald"]
[Black "Nagle, Sean M"]
[Result "1-0"]
[WhiteElo "2316"]
[BlackElo "2432"]
[PlyCount "49"]
[EventDate "2007.03.10"]
[EventType "swiss"]
[EventRounds "9"]
[EventCountry "USA"]
[Source "Kevin Hyde"]
[SourceDate "2007.03.18"]

1. Nf3 Nf6 2. c4 g6 3. g3 Bg7 4. Bg2 O-O 5. O-O d6 6. d4 c6 7. Nc3 Qa5 8. Bg5
h6 9. Bxf6 Bxf6 10. Qd2 Qh5 11. Ne4 Bg7 12. Nh4 g5 13. Bf3 g4 14. Bh1 f5 15.
Nc3 e5 16. dxe5 dxe5 17. f3 Be6 18. e4 Bxc4 19. exf5 Bxf1 20. Rxf1 Bf6 21. Ng6
Bg5 22. f4 exf4 23. Qd6 Rf7 24. h4 fxg3 25. Qe5 1-0

[Event "2007 U.S. Masters Championship"]
[Site "Hendersonville, NC"]
[Date "2007.03.15"]
[Round "3.3"]
[White "Cao, Tony"]
[Black "Zorigt, Bayaraa"]
[Result "0-1"]
[WhiteElo "2173"]
[BlackElo "2196"]
[PlyCount "118"]
[EventDate "2007.03.10"]
[EventType "swiss"]
[EventRounds "9"]
[EventCountry "USA"]
[Source "Kevin Hyde"]
[SourceDate "2007.03.18"]

1. e4 c5 2. Nf3 d6 3. d4 cxd4 4. Nxd4 Nf6 5. Nc3 g6 6. Be3 Bg7 7. f3 O-O 8. Qd2
Nc6 9. Bc4 Bd7 10. O-O-O Rc8 11. Bb3 Nxd4 12. Bxd4 b5 13. Nd5 Nxd5 14. Bxg7
Kxg7 15. exd5 a5 16. Qd4+ Kg8 17. a3 b4 18. a4 Qe8 19. h4 Bxa4 20. Kb1 Bxb3 21.
cxb3 Qd7 22. g4 h6 23. Qe3 a4 24. Rd4 Qa7 25. Rhd1 Ra8 26. h5 g5 27. Re4 Qa5
28. Rc4 axb3 29. Qxb3 Qa1+ 30. Kc2 Qa7 31. Kb1 Rfc8 32. Rxc8+ Rxc8 33. Qxb4 Qe3
34. Qe4 Qb3 35. Qd3 Rc3 36. Qxc3 Qxd1+ 37. Ka2 Qxd5+ 38. b3 Qb5 39. b4 e5 40.
Ka3 Kg7 41. Qc2 Qd5 42. Qe4 Qe6 43. b5 d5 44. Qb4 Qb6 45. Qb3 d4 46. Qc4 Kf6
47. Kb3 Qe6 48. b6 Qxb6+ 49. Kc2 Qe6 50. Qd3 Qa2+ 51. Kd1 Kg7 52. Qf5 Qa4+ 53.
Ke2 Qa2+ 54. Kd1 Qb3+ 55. Kd2 Qe3+ 56. Kd1 Qb3+ 57. Kd2 Qb4+ 58. Kd1 Qb3+ 59.
Ke2 Qe3+ 0-1

[Event "2007 U.S. Masters Championship"]
[Site "Hendersonville, NC"]
[Date "2007.03.15"]
[Round "3.3"]
[White "Balasubramanian, Adithya"]
[Black "Burnett, Ronald W"]
[Result "0-1"]
[WhiteElo "2140"]
[BlackElo "2423"]
[PlyCount "84"]
[EventDate "2007.03.10"]
[EventType "swiss"]
[EventRounds "9"]
[EventCountry "USA"]
[Source "Kevin Hyde"]
[SourceDate "2007.03.18"]

1. Nf3 g6 2. g3 Bg7 3. Bg2 e5 4. d3 Ne7 5. O-O c5 6. e4 O-O 7. Be3 b6 8. c3 d5
9. Na3 d4 10. cxd4 cxd4 11. Bd2 Ba6 12. Nc4 Nec6 13. b4 b5 14. Na3 Nd7 15. Rc1
Rc8 16. Qb3 Nb6 17. Rc5 Na4 18. Rd5 Qb6 19. Rc1 Rcd8 20. Ng5 Nc3 21. Bxc3 dxc3
22. Rxc3 Nd4 23. Qd1 Rxd5 24. exd5 Bb7 25. Rc5 a5 26. Qe1 Rd8 27. d6 h6 28. Ne4
f5 29. bxa5 Qa6 30. Nxb5 Nxb5 31. Qb1 Bxe4 32. dxe4 Nd4 33. exf5 gxf5 34. Bd5+
Kh7 35. Qb6 Rxd6 36. Qb8 Rxd5 37. Rxd5 Qc6 38. Qd8 Ne2+ 39. Kf1 Nc3 40. Qd7
Qc4+ 41. Rd3 e4 42. Qxf5+ Kh8 0-1

[Event "2007 U.S. Masters Championship"]
[Site "Hendersonville, NC"]
[Date "2007.03.15"]
[Round "3.3"]
[White "Potter, John Russell"]
[Black "Haessel, Dale R"]
[Result "1/2-1/2"]
[WhiteElo "2233"]
[BlackElo "2162"]
[PlyCount "82"]
[EventDate "2007.03.10"]
[EventType "swiss"]
[EventRounds "9"]
[EventCountry "USA"]
[Source "Kevin Hyde"]
[SourceDate "2007.03.18"]

1. d4 Nf6 2. c4 g6 3. Nc3 d5 4. cxd5 Nxd5 5. e4 Nxc3 6. bxc3 Bg7 7. Bc4 c5 8.
Ne2 O-O 9. O-O Nc6 10. Be3 Bd7 11. Rb1 a6 12. Qd2 Qc7 13. Rfc1 b5 14. Bd5 e6
15. Bb3 Na5 16. e5 Bc6 17. Bh6 Nxb3 18. axb3 Qb7 19. Bxg7 Kxg7 20. Qg5 cxd4 21.
cxd4 h6 22. Qf6+ Kg8 23. Nf4 Be4 24. Ra1 Qb6 25. d5 Bf5 26. d6 a5 27. Rd1 b4
28. g4 Bxg4 29. Nxg6 fxg6 30. Qxg6+ Kh8 31. Qxh6+ Kg8 32. Qg5+ Kf7 33. Rdc1 Bf5
34. Qe7+ Kg6 35. Rc7 Kh5 36. Rc4 Rg8+ 37. Kh1 Qxf2 38. Qf7+ Kh6 39. Qf6+ Kh5
40. Qf7+ Kh6 41. Qf6+ Kh5 1/2-1/2

[Event "2007 U.S. Masters Championship"]
[Site "Hendersonville, NC"]
[Date "2007.03.15"]
[Round "3.3"]
[White "Orizondo, Hugo"]
[Black "Kidd, Jeffrey A"]
[Result "1/2-1/2"]
[WhiteElo "2153"]
[BlackElo "2151"]
[PlyCount "132"]
[EventDate "2007.03.10"]
[EventType "swiss"]
[EventRounds "9"]
[EventCountry "USA"]
[Source "Kevin Hyde"]
[SourceDate "2007.03.18"]

1. e4 Nf6 2. e5 Nd5 3. d4 d6 4. c4 Nb6 5. exd6 cxd6 6. Nc3 Bf5 7. Nf3 e6 8. Bd3
Bxd3 9. Qxd3 Be7 10. O-O O-O 11. b3 Bf6 12. Bf4 Nc6 13. Ne4 d5 14. Neg5 g6 15.
c5 Nd7 16. h4 e5 17. dxe5 Ndxe5 18. Nxe5 Nxe5 19. Bxe5 Bxe5 20. Rad1 d4 21. g3
Qc7 22. Rc1 Rae8 23. Rfe1 f6 24. Qc4+ Kh8 25. Ne6 Rxe6 26. Qxe6 Bxg3 27. Qe7
Kg8 28. Kg2 Rf7 29. Qxc7 Bxc7 30. Rcd1 Rd7 31. Rd3 Ba5 32. Re6 Bc3 33. Rxf6 Rc7
34. Rd6 Rxc5 35. Rd8+ Kg7 36. Rd7+ Kf6 37. Rxb7 Ra5 38. a4 h6 39. Rf3+ Ke5 40.
Re7+ Kd6 41. Rg7 Rd5 42. Rxg6+ Kc5 43. Rd3 Kb4 44. Kf3 Kxb3 45. Ke4 Rh5 46. Rh3
Ra5 47. Rxh6 Rxa4 48. f4 Ra2 49. Rg6 Re2+ 50. Kd5 Rf2 51. Ra6 Rxf4 52. Rxa7 Rf2
53. h5 Rf8 54. h6 Kc2 55. Ra2+ Kb3 56. Rg2 Rd8+ 57. Ke4 Kc4 58. Rgg3 Re8+ 59.
Kf5 Rd8 60. Rd3 Rd5+ 61. Ke4 Rd7 62. h7 Re7+ 63. Kf5 Rxh7 64. Rxc3+ dxc3 65.
Rxh7 Kd3 66. Rd7+ Ke3 1/2-1/2

[Event "2007 U.S. Masters Championship"]
[Site "Hendersonville, NC"]
[Date "2007.03.16"]
[Round "4.3"]
[White "Zorigt, Bayaraa"]
[Black "Simpson, Ronald"]
[Result "0-1"]
[WhiteElo "2196"]
[BlackElo "2316"]
[PlyCount "86"]
[EventDate "2007.03.10"]
[EventType "swiss"]
[EventRounds "9"]
[EventCountry "USA"]
[Source "Kevin Hyde"]
[SourceDate "2007.03.18"]

1. e4 e5 2. Nf3 Nc6 3. Bc4 Bc5 4. c3 Nf6 5. d3 h6 6. O-O Bb6 7. b4 a6 8. Be3
Bxe3 9. fxe3 d6 10. Nbd2 O-O 11. Qe1 b5 12. Bb3 a5 13. bxa5 Nxa5 14. Bc2 c5 15.
a4 bxa4 16. Bxa4 Be6 17. c4 Qe7 18. Nh4 g6 19. Nb1 Nc6 20. Nf3 Nb4 21. Qd2 Ra7
22. Nc3 Rfa8 23. Ra3 Nd7 24. Rfa1 Nb6 25. Qd1 Bd7 26. Ne1 Nxa4 27. Rxa4 Bxa4
28. Rxa4 Rxa4 29. Nxa4 Qa7 30. Nc3 Qa1 31. Qxa1 Rxa1 32. Kf2 Nxd3+ 33. Nxd3 Ra3
34. Nxc5 dxc5 35. Nd5 Ra4 36. Nb6 Rb4 37. Nd7 Rxc4 38. Nxe5 Rxe4 39. Nd7 Rc4
40. Ne5 Rc2+ 41. Kf3 c4 42. h3 Kg7 43. e4 f6 0-1

[Event "2007 U.S. Masters Championship"]
[Site "Hendersonville, NC"]
[Date "2007.03.16"]
[Round "4.3"]
[White "Nagle, Sean M"]
[Black "Burnett, Ronald W"]
[Result "1/2-1/2"]
[WhiteElo "2432"]
[BlackElo "2423"]
[PlyCount "20"]
[EventDate "2007.03.10"]
[EventType "swiss"]
[EventRounds "9"]
[EventCountry "USA"]
[Source "Kevin Hyde"]
[SourceDate "2007.03.18"]

1. Nf3 b6 2. g3 Bb7 3. Bg2 e5 4. O-O d6 5. d4 e4 6. Ng5 d5 7. f3 Be7 8. Nh3
exf3 9. exf3 Nf6 10. c3 O-O 1/2-1/2

[Event "2007 U.S. Masters Championship"]
[Site "Hendersonville, NC"]
[Date "2007.03.16"]
[Round "4.3"]
[White "Jones, Craig W"]
[Black "Cao, Tony"]
[Result "1-0"]
[WhiteElo "2263"]
[BlackElo "2173"]
[PlyCount "199"]
[EventDate "2007.03.10"]
[EventType "swiss"]
[EventRounds "9"]
[EventCountry "USA"]
[Source "Kevin Hyde"]
[SourceDate "2007.03.18"]

1. Nf3 d5 2. g3 Nf6 3. Bg2 c6 4. O-O Bf5 5. d3 e6 6. Nbd2 Be7 7. c4 O-O 8. a3
h6 9. b4 a5 10. Rb1 Nbd7 11. b5 Qc7 12. Bb2 Rfe8 13. Rc1 Qb6 14. bxc6 bxc6 15.
Rb1 Qc7 16. Qc2 Rac8 17. Rfc1 Bh7 18. cxd5 exd5 19. Nd4 c5 20. Bh3 Qd8 21. Nf5
Bf8 22. e4 Rb8 23. Qc3 d4 24. Qc2 g6 25. Nh4 Ne5 26. Nc4 Nh5 27. Nxe5 Rxe5 28.
Nf3 Re8 29. a4 Qf6 30. Nd2 Qg5 31. Nf3 Qf6 32. Bg2 Ng7 33. Nd2 g5 34. Ba3 Ne6
35. Rxb8 Rxb8 36. Rb1 Qd8 37. Rb3 Bd6 38. Nc4 f5 39. Nd2 Kf7 40. Qc4 Rxb3 41.
Qxb3 Qb8 42. Qd5 fxe4 43. Bh3 Qe8 44. Qxd6 exd3 45. Bxe6+ Qxe6 46. Qxe6+ Kxe6
47. Bxc5 Kd5 48. Bb6 Bf5 49. Bxa5 Bd7 50. Kg2 Bxa4 51. Kf3 Bd1+ 52. Kg2 g4 53.
h4 h5 54. Kf1 Bc2 55. Ke1 Ba4 56. Bb6 Bc2 57. Ba7 Ba4 58. Nb1 Kc4 59. Nd2+ Kd5
60. f3 gxf3 61. Nxf3 Bd7 62. Kd2 Bg4 63. Nxd4 Ke4 64. Nb3 Be2 65. Nc5+ Kf3 66.
Bb8 Bf1 67. Nxd3 Bh3 68. Bf4 Bf5 69. Kc3 Ke4 70. Ne5 Kd5 71. Kb4 Bc2 72. Kb5
Bd1 73. Kb6 Be2 74. Kc7 Ke6 75. Kd8 Bb5 76. Nf3 Ba4 77. Ng5+ Kf6 78. Kc7 Ke7
79. Bd6+ Kf6 80. Kd8 Bb5 81. Bb4 Ba4 82. Bc3+ Kf5 83. Ke7 Kg6 84. Ke6 Bb3+ 85.
Ke5 Bd1 86. Kf4 Be2 87. Nf3 Bd1 88. Ne5+ Kf6 89. Ba5 Be2 90. Bd8+ Ke6 91. Ng6
Kf7 92. Kg5 Kg7 93. Nf4 Bf3 94. Nxh5+ Bxh5 95. Kxh5 Kh7 96. g4 Kg8 97. Kg6 Kh8
98. h5 Kg8 99. h6 Kh8 100. Bf6+ 1-0

[Event "2007 U.S. Masters Championship"]
[Site "Hendersonville, NC"]
[Date "2007.03.16"]
[Round "4.3"]
[White "Balasubramanian, Adithya"]
[Black "Potter, John Russell"]
[Result "0-1"]
[WhiteElo "2140"]
[BlackElo "2233"]
[PlyCount "128"]
[EventDate "2007.03.10"]
[EventType "swiss"]
[EventRounds "9"]
[EventCountry "USA"]
[Source "Kevin Hyde"]
[SourceDate "2007.03.18"]

1. e4 e5 2. Nf3 Nc6 3. c3 Nf6 4. d3 d5 5. Nbd2 Be7 6. Be2 O-O 7. O-O Re8 8. Qc2
Bf8 9. Re1 Bg4 10. h3 Bh5 11. Nf1 h6 12. Nh4 Bxe2 13. Qxe2 Qd7 14. Qf3 Qe6 15.
Nf5 Kh7 16. N1e3 dxe4 17. dxe4 g6 18. Ng3 Rad8 19. Nc2 Bg7 20. b3 Qd7 21. Bb2
Qd2 22. Rac1 Rd3 23. Red1 Qxc1 24. Bxc1 Rxf3 25. gxf3 Rd8 26. Rxd8 Nxd8 27. f4
exf4 28. Bxf4 Ne6 29. Be5 Nxe4 30. Bxg7 Nxg3 31. fxg3 Kxg7 32. Kf2 f5 33. h4
Kf6 34. b4 Ke5 35. a4 Ke4 36. Ke2 f4 37. gxf4 Nxf4+ 38. Kd2 Ng2 39. Nd4 Nxh4
40. Nb5 Nf3+ 41. Ke2 a6 42. Nxc7 Ne5 43. a5 Nc4 44. Ne6 Nd6 45. c4 Nxc4 46.
Nc5+ Kd5 47. Nxb7 Kc6 48. Nc5 Kb5 49. Nd3 g5 50. Kf3 Nd6 51. Kg4 Ne4 52. Kh5
Nc3 53. Nc5 Nd5 54. Kxh6 g4 55. Ne4 Kxb4 56. Kg5 Kxa5 57. Kxg4 Kb4 58. Kf3 a5
59. Nf2 a4 60. Ke2 a3 61. Nd3+ Kc3 62. Nc1 Kc2 63. Nd3 a2 64. Ne1+ Kc3 0-1

[Event "2007 U.S. Masters Championship"]
[Site "Hendersonville, NC"]
[Date "2007.03.16"]
[Round "4.3"]
[White "Haessel, Dale R"]
[Black "Panjwani, Raja D"]
[Result "1/2-1/2"]
[WhiteElo "2162"]
[BlackElo "2213"]
[PlyCount "86"]
[EventDate "2007.03.10"]
[EventType "swiss"]
[EventRounds "9"]
[EventCountry "USA"]
[Source "Kevin Hyde"]
[SourceDate "2007.03.18"]

1. d4 Nf6 2. c4 g6 3. g3 Bg7 4. Bg2 O-O 5. Nc3 d6 6. Nf3 c5 7. O-O Nc6 8. dxc5
dxc5 9. Be3 Qa5 10. Qb3 Ng4 11. Bd2 Nd4 12. Nxd4 cxd4 13. Qb5 Qd8 14. Nd5 e6
15. Nf4 Rb8 16. Rad1 Qd7 17. Nd3 Qxb5 18. cxb5 Bd7 19. a4 Rfc8 20. Bb4 Bf8 21.
Bxf8 Kxf8 22. h3 Nf6 23. Ne5 Be8 24. Rxd4 Rc2 25. e3 a6 26. b4 axb5 27. a5 Ke7
28. Rfd1 h5 29. Rd6 Nd5 30. Bxd5 Kxd6 31. Be4+ Kxe5 32. Bxc2 Rc8 33. f4+ Kf6
34. Be4 Bc6 35. Rc1 Rd8 36. Bxc6 bxc6 37. Rxc6 Rd1+ 38. Kf2 Rb1 39. Rc2 Rxb4
40. Rc5 Ke7 41. a6 Kd6 42. a7 Ra4 43. Rxb5 Rxa7 1/2-1/2

[Event "2007 U.S. Masters Championship"]
[Site "Hendersonville, NC"]
[Date "2007.03.16"]
[Round "4.3"]
[White "Andrews, Todd D"]
[Black "Orizondo, Hugo"]
[Result "0-1"]
[WhiteElo "2366"]
[BlackElo "2153"]
[PlyCount "162"]
[EventDate "2007.03.10"]
[EventType "swiss"]
[EventRounds "9"]
[EventCountry "USA"]
[Source "Kevin Hyde"]
[SourceDate "2007.03.18"]

1. e4 e5 2. Nf3 Nc6 3. Bb5 a6 4. Ba4 Nf6 5. O-O Be7 6. d4 exd4 7. e5 Ne4 8. Re1
Nc5 9. Bxc6 dxc6 10. Qxd4 Bf5 11. Qc3 Qd5 12. Be3 O-O-O 13. Nbd2 Na4 14. Qb3
Qxb3 15. axb3 Nc5 16. Nd4 Bg6 17. f4 Ne6 18. c3 Nxd4 19. Bxd4 c5 20. Be3 Bf5
21. Kf2 Be6 22. c4 Rd3 23. Ra3 Bf5 24. Nb1 Be4 25. Nc3 Bc6 26. Ke2 Rd7 27. g3
g6 28. Raa1 h5 29. Rad1 Rhd8 30. Rxd7 Rxd7 31. Rd1 Rxd1 32. Kxd1 b6 33. Nd5 Bd8
34. Ke2 Bd7 35. Bd2 Be6 36. Kf3 c6 37. Ne3 f6 38. Bc3 fxe5 39. Bxe5 Kd7 40. Kg2
b5 41. h3 Ba5 42. g4 Bd2 43. Nf1 Be1 44. f5 gxf5 45. gxh5 bxc4 46. h6 Bd5+ 47.
Kg1 Bg8 48. bxc4 Ke6 49. Bf4 Bh4 50. Kg2 Kf6 51. b3 Bg5 52. Kf3 Kg6 53. Ne3 Bf6
54. Ng2 a5 55. Be3 a4 56. bxa4 Bxc4 57. Nf4+ Kh7 58. Bxc5 Kxh6 59. Ne2 Be5 60.
a5 Kg5 61. Be7+ Kg6 62. Ke3 Kf7 63. Bc5 Ke6 64. h4 Kd5 65. Bb6 c5 66. h5 f4+
67. Kf3 Bd3 68. h6 Be4+ 69. Kg4 f3 70. Ng3 f2 71. Nf1 Bd3 72. Ne3+ Kc6 73. Kf3
f1=Q+ 74. Nxf1 Bxf1 75. Ke4 Bh8 76. Bd8 c4 77. Be7 Bd3+ 78. Ke3 Bh7 79. Bf8 Bc3
80. a6 Kb6 81. a7 Kxa7 0-1

[Event "2007 U.S. Masters Championship"]
[Site "Hendersonville, NC"]
[Date "2007.03.16"]
[Round "4.3"]
[White "Kidd, Jeffrey A"]
[Black "Goodwin, Bruce"]
[Result "1-0"]
[WhiteElo "2151"]
[BlackElo "1802"]
[PlyCount "77"]
[EventDate "2007.03.10"]
[EventType "swiss"]
[EventRounds "9"]
[EventCountry "USA"]
[Source "Kevin Hyde"]
[SourceDate "2007.03.18"]

1. e4 c5 2. Nf3 Nc6 3. Bb5 Nd4 4. Nxd4 cxd4 5. O-O g6 6. d3 Bg7 7. f4 Nf6 8.
Nd2 O-O 9. Nf3 Qb6 10. Bc4 d6 11. h3 Bd7 12. Qe1 Bc6 13. Bb3 Rac8 14. Kh2 Nd7
15. g4 Nc5 16. Qh4 Nxb3 17. axb3 f6 18. Rf2 Kf7 19. Qxh7 Rg8 20. f5 e5 21.
fxe6+ Kxe6 22. Qxg6 Be8 23. Qf5+ Ke7 24. Qd5 Bd7 25. Bf4 Rh8 26. Kg2 Be6 27.
Qxd4 Rc5 28. Rxa7 Rd8 29. Ra4 Qc6 30. Rb4 b5 31. c4 bxc4 32. bxc4 Qd7 33. Bg3
Bxg4 34. hxg4 Qxg4 35. e5 Qxd4 36. Nxd4 dxe5 37. Rb7+ Rd7 38. Nf5+ Ke6 39.
Nxg7+ 1-0

[Event "2007 U.S. Masters Championship"]
[Site "Hendersonville, NC"]
[Date "2007.03.16"]
[Round "5"]
[White "Simpson, Ronald"]
[Black "Robson, Ray S"]
[Result "0-1"]
[WhiteElo "2316"]
[BlackElo "2330"]
[PlyCount "109"]
[EventDate "2007.03.10"]
[EventType "swiss"]
[EventRounds "9"]
[EventCountry "USA"]
[Source "Kevin Hyde"]
[SourceDate "2007.03.18"]

1. Nf3 d5 2. c4 e6 3. b3 Nf6 4. Bb2 c6 5. g3 Bd6 6. Bg2 Nbd7 7. d4 O-O 8. O-O
b6 9. Nc3 Bb7 10. Qc2 Qe7 11. Rad1 Rac8 12. e4 Nxe4 13. Nxe4 dxe4 14. Qxe4 f5
15. Qe3 Rfe8 16. Rfe1 c5 17. Qc3 Nf6 18. Ng5 cxd4 19. Qxd4 Bc5 20. Qf4 Ng4 21.
Bd4 Bd6 22. Qd2 Bb4 23. Qf4 Bxe1 24. Rxe1 Qd7 25. Bxb7 Qxb7 26. Nxe6 Qf7 27.
Qd6 Nf6 28. Bxf6 Qxf6 29. Qd5 Kh8 30. Re5 g6 31. f4 Re7 32. Ng5 Rxe5 33. Nf7+
Kg7 34. Nxe5 Qe7 35. Kg2 Rd8 36. Qc6 Rd2+ 37. Kh3 g5 38. g4 gxf4 39. Nf3 Qd7
40. Qxd7+ Rxd7 41. gxf5 h5 42. Ne5 Rd2 43. Ng6 f3 44. Nf4 Kf6 45. Nxh5+ Kxf5
46. Kg3 f2 47. Kg2 Rxa2 48. Ng3+ Kf4 49. Nf1 Rb2 50. b4 Rxb4 51. Kxf2 Rb2+ 52.
Ke1 a5 53. Nd2 a4 54. c5 bxc5 55. Nc4 0-1

[Event "2007 U.S. Masters Championship"]
[Site "Hendersonville, NC"]
[Date "2007.03.16"]
[Round "5"]
[White "Nagle, Sean M"]
[Black "Ehlvest, Jaan"]
[Result "0-1"]
[WhiteElo "2432"]
[BlackElo "2675"]
[PlyCount "78"]
[EventDate "2007.03.10"]
[EventType "swiss"]
[EventRounds "9"]
[EventCountry "USA"]
[Source "Kevin Hyde"]
[SourceDate "2007.03.18"]

1. Nf3 d5 2. d4 e6 3. c4 Nf6 4. g3 Bb4+ 5. Bd2 Be7 6. Bg2 O-O 7. Qc2 c6 8. O-O
b6 9. Bf4 Ba6 10. Nbd2 Nbd7 11. Rac1 Nh5 12. Be5 Bb7 13. e4 Rc8 14. cxd5 cxd5
15. Bc7 Qe8 16. Qd3 Nhf6 17. Ne5 Nb8 18. Bxb8 Rxb8 19. exd5 Nxd5 20. Be4 g6 21.
h4 Rd8 22. h5 f6 23. Nxg6 hxg6 24. Bxg6 Qd7 25. Rfe1 f5 26. Qe2 Bb4 27. a3 Bxd2
28. Qxd2 Qe7 29. Re5 Bc8 30. Rce1 Qf6 31. Qh6 Qg7 32. Qg5 Rd6 33. Qc1 Ne7 34.
Qc7 Rc6 35. Qxa7 Nxg6 36. Qxg7+ Kxg7 37. hxg6 Rd8 38. Rd1 Bb7 39. Rb5 Rxd4 0-1

[Event "2007 U.S. Masters Championship"]
[Site "Hendersonville, NC"]
[Date "2007.03.16"]
[Round "5"]
[White "Aleskerov, Faik"]
[Black "Ardaman, Miles F"]
[Result "1-0"]
[WhiteElo "2325"]
[BlackElo "2398"]
[PlyCount "77"]
[EventDate "2007.03.10"]
[EventType "swiss"]
[EventRounds "9"]
[EventCountry "USA"]
[Source "Kevin Hyde"]
[SourceDate "2007.03.18"]

1. d4 c5 2. dxc5 Na6 3. Be3 Nf6 4. a3 Ng4 5. Bd4 e5 6. Bc3 Bxc5 7. e3 d6 8.
Bb5+ Ke7 9. Nd2 f5 10. Qf3 Nc7 11. Bc4 b5 12. Bxb5 e4 13. Qe2 Rb8 14. a4 a6 15.
Bc4 d5 16. Nb3 Bb6 17. O-O-O Qg8 18. a5 dxc4 19. axb6 Nb5 20. Bb4+ Kf6 21. Nc5
Ne5 22. g4 Rxb6 23. g5+ Kg6 24. Nh3 Nf3 25. Nf4+ Kxg5 26. Rd5 Qe8 27. Qxc4 Kh6
28. Ba5 Rd6 29. Rhd1 Rxd5 30. Rxd5 g5 31. Rd8 Qe5 32. Rxh8 Qxh8 33. Ne2 Qe5 34.
Nxa6 Bxa6 35. Ng3 Bb7 36. Qf7 Nd6 37. Qh5+ Kg7 38. Bc3 Qxc3 39. bxc3 1-0